Welcome to the Holygrace Academy Library

Please use search bar below to get started

THE LOYAL MONGOOSE (Record no. 6840)

MARC details
000 -LEADER
fixed length control field 00575nam a22001457a 4500
020 ## - INTERNATIONAL STANDARD BOOK NUMBER
ISBN 978-93-91924-81-2
082 ## - DEWEY DECIMAL CLASSIFICATION NUMBER
Classification number 823
Item number MAP/L
100 ## - MAIN ENTRY--AUTHOR NAME
Personal name MAPLE KIDS
245 ## - TITLE STATEMENT
Title THE LOYAL MONGOOSE
Remainder of title PANCHATANTRA STORIES
260 ## - PUBLICATION, DISTRIBUTION, ETC. (IMPRINT)
Place of publication NOIDA
Name of publisher MAPLE PRESS LIMITED
Year of publication 2022
300 ## - PHYSICAL DESCRIPTION
Number of Pages 16
520 ## - SUMMARY, ETC.
Summary, etc The story is about a peasant's wife who assumed that their pet mongoose had killed her son because she saw blood in its mouth. Without a thought, she attacked the mongoose and rushed into the next room only to find her son sleeping blissfully.
650 ## - SUBJECT ADDED ENTRY--TOPICAL TERM
Topical Term SHORT STORIES
942 ## - ADDED ENTRY ELEMENTS (KOHA)
Koha item type Books
Holdings
Withdrawn status Lost status Collection code Home library Current library Shelving location Date acquired Source of acquisition Cost, normal purchase price Full call number Accession Number Koha item type
    Fiction Main Library Main Library NEW SHELF WITH NEW ENTRY 26/10/2023 Purchase 35.00 823 MAP/L 13031 Books